000 00362nam a2200109Ia 4500
008 171211s9999 xx 000 0 und d
245 _aSet the Action! Creating Backgrounds for Compelling Storytelling in Animation, Comics, and Games
245 _cElvin A. Hernandez
260 _c2016
650 _xDesign
856 _uhttp://down.ebook777.com/061/3319169246.pdf
999 _c347937
_d347937